Vi sinh vật học
Sách trình bày hình thái và cấu tạo tế bào các vi sinh vật nhân thật, trao đổi chất và trao đổi năng lượng, sinh trưởng và phát triển ở vi sinh vật, di truyền học vi sinh vật, miễn dịch.
Gardado en:
| Autor Principal: | |
|---|---|
| Formato: | Libro |
| Idioma: | Undetermined |
| Publicado: |
Hà Nội
Giáo Dục
2001
|
| Những chủ đề: | |
| Các nhãn: |
Engadir etiqueta
Sen Etiquetas, Sexa o primeiro en etiquetar este rexistro!
|
| Thư viện lưu trữ: | Trung tâm Học liệu Trường Đại học Cần Thơ |
|---|
| LEADER | 00837nam a2200193Ia 4500 | ||
|---|---|---|---|
| 001 | CTU_41442 | ||
| 008 | 210402s9999 xx 000 0 und d | ||
| 020 | |c 54000 | ||
| 082 | |a 579 | ||
| 082 | |b D513 | ||
| 100 | |a Nguyễn, Lân Dũng | ||
| 245 | 0 | |a Vi sinh vật học | |
| 245 | 0 | |c Nguyễn Lân Dũng, Nguyễn Đình Quyến, Phạm Văn Ty | |
| 260 | |a Hà Nội | ||
| 260 | |b Giáo Dục | ||
| 260 | |c 2001 | ||
| 520 | |a Sách trình bày hình thái và cấu tạo tế bào các vi sinh vật nhân thật, trao đổi chất và trao đổi năng lượng, sinh trưởng và phát triển ở vi sinh vật, di truyền học vi sinh vật, miễn dịch. | ||
| 650 | |a Microbiology,Microorganisms | ||
| 980 | |a Trung tâm Học liệu Trường Đại học Cần Thơ | ||